000 00539nam a2200193Ia 4500
005 20250508151824.0
008 008 250505s9999 xx 000 0 eng d
037 _aTextual
040 _aFEDL
_beng
_cFEDL
041 _aeng
_2eng
084 _a954.02, TRI
_qFEDL
100 _aTripathi R P
245 0 _aSome aspects of muslim administration
250 _a2nd Rev. Edition
260 _aAllahabad, India
_bCentral Book Depot
_c1956
300 _aiii,408p
942 _cTEXL
_h954.02, TRI
999 _c1332320
_d1332320